000 00584nam a2200193Ia 4500
008 151121s9999||||xx |||||||||||||| ||und||
082 _a927।96 358/गावसक
082 _bHNW-70800
100 _aगावसकर सुनील
245 _aसनी डेज
260 _b"उत्कर्ष प्रकाशन, पुणे।"
260 _c--
300 _a280
600 _aगावसकर सुनील
630 _aसनी डेज
700 _aगावसकर सुनील
730 _aसनी डेज
942 _cBOOK
999 _c1252273
_d1252270